000 00746nam a2200241 i 4500
001 C2-0287065
003 PPAK
005 20180728020427.0
008 080204s1976 nyua|||| ||||| | eng d
020 _a048623259X
040 _aPPAK
_beng
_cPPAK
_erda
082 0 4 _a658.8270973
_223
090 0 0 _a658.8270973
_bCAP
_dRLCK
100 1 _aCapitman, Barbara Baer,
_eauthor
245 1 0 _aAmerican trademark designs :
_ba survey with 732 marks, logos and corporate-identity symbols
264 1 _aNew York :
_bDover Publications ,
_c1976
300 _axiii, 160 pages :
_billustrations ;
_c28 cm
336 _2rdacontent
_atext
337 _2rdamedia
_aunmediated
338 _2rdacarrier
_avolume
650 1 0 _aLogos (Symbols)
942 _ddc
_cB
999 _c92779
_d92779